000
00300nam a2200133Ia 4500
100
_a
Bittel/Lester R
942
_c
BK
654
_a
Supervisor
245
_a
What Every Supervisor Should Know
260
_b
Tata Mc Graw hill
_a
NewDelhi
_c
1974
082
_a
658.3
300
_a
722
546
_a
ENGLISH
999
_c
29394
_d
29394